Online
Catalog

La investigación en salud en la República Dominicana / (Record no. 29136)

MARC details
000 -CABECERA
campo de control de longitud fija 00618nam a2200181 a 4500
001 - NÚMERO DE CONTROL
campo de control 000029644
005 - FECHA Y HORA DE LA ÚLTIMA TRANSACCIÓN
campo de control 20200930055711.0
008 - DATOS DE LONGITUD FIJA--INFORMACIÓN GENERAL
campo de control de longitud fija 110415s1996 dr 000 0 spa d
040 ## - FUENTE DE LA CATALOGACIÓN
Centro catalogador/agencia de origen DO-SdBNP
Lengua de catalogación spa
Centro/agencia transcriptor BNPHU
082 ## - NÚMERO DE LA CLASIFICACIÓN DECIMAL DEWEY
Número de clasificación xxx
Número de documento/Ítem C3978a
110 2# - ENTRADA PRINCIPAL--NOMBRE DE ENTIDAD CORPORATIVA
Nombre de entidad corporativa o nombre de jurisdicción como elemento de entrada Centro Nacional de Investigaciones en Salud Materno Infantil
9 (RLIN) 55757
245 10 - MENCIÓN DE TÍTULO
Título La investigación en salud en la República Dominicana /
Mención de responsabilidad, etc. editor Marcos Espinal.
260 ## - PUBLICACIÓN, DISTRIBUCIÓN, ETC.
Lugar de publicación, distribución, etc. Santo Domingo :
Nombre del editor, distribuidor, etc. CENISMI,
Fecha de publicación, distribución, etc. 1996.
300 ## - DESCRIPCIÓN FÍSICA
Extensión vi, 26 p. ;
Dimensiones 28 cm.
490 1# - MENCIÓN DE SERIE
Mención de serie Reuniones técnicas
Designación de volumen o secuencia 2
700 1# - PUNTO DE ACCESO ADICIONAL--NOMBRE DE PERSONA
Nombre de persona Espinal, Marcos
Término indicativo de función/relación ed
9 (RLIN) 55763
830 #0 - PUNTO DE ACCESO ADICIONAL DE SERIE-TÍTULO UNIFORME
Título uniforme Reuniones técnicas
Designación de volumen o secuencia 2
9 (RLIN) 55759
Holdings
Estado de retiro Estado de pérdida No para préstamo Código de colección Localización permanente Ubicación/localización actual Ubicación en estantería Fecha de adquisición Número de inventario Total de préstamos Signatura topográfica completa Código de barras Fecha visto por última vez Precio válido a partir de Tipo de ítem Koha Número de copia
    Excluido de préstamo Patrimonio Dominicano Patrimonio Dominicano Patrimonio Dominicano Depósito 19.04.2011 LF1   xxx C3978a 29644-10 25.06.2020 25.06.2020 Libro y Folleto Colección Patrimonio Dominicano  
    Excluido de préstamo Patrimonio Dominicano Patrimonio Dominicano Patrimonio Dominicano Depósito 03.05.2011 LF1   xxx C3978a 29644-20 25.06.2020 25.06.2020 Libro y Folleto Colección Patrimonio Dominicano e. 2

Powered by Koha